Score 0/10 Timer 01:00
15 Plays Today
% Correct
Incredible
98.4%
Iron
98.1%
Man
97.9%
War
97.9%
Galaxy
97.8%
Strange
96.5%
Avenger
95.1%
Dark
94.3%
Ultron
94.1%
Winter
92.7%

Today's Daily Dose

Remove Ads.
Support Sporcle.
Get the best of Sporcle when you Go Orange. This ad-free experience offers more features, more stats, and more fun while also helping to support Sporcle. Thank you for becoming a member.

You're not logged in!

Compare scores with friends on all Sporcle quizzes.
OR
Log In

Show Comments

Extras

Top Quizzes Today


Score Distribution

Your Account Isn't Verified!

In order to create a playlist on Sporcle, you need to verify the email address you used during registration. Go to your Sporcle Settings to finish the process.

Report this User

Report this user for behavior that violates our Community Guidelines.

Details: